| 000 | 00436nam a2200181Ia 4500 | ||
|---|---|---|---|
| 001 | 8068 | ||
| 005 | 20260306160541.0 | ||
| 008 | 260306t2021||||xx |||||||||||||| ||spa|| | ||
| 041 | _aESP | ||
| 082 |
_a370.1 _bG84 |
||
| 100 |
_aGuardini, Romano _eAUT |
||
| 245 | 0 | _aFundamentación de la teoría de la formación | |
| 260 | _c2021 | ||
| 300 |
_a88 páginas : _c21 cm. |
||
| 650 | _aGEN | ||
| 654 | _aCED | ||
| 942 |
_cLIB _dJUS _fJUS _2ddc _n |
||
| 999 |
_c8068 _d8068 |
||